Managing financial crises <the> experience in east Asia

Uložené v:
Podrobná bibliografia
Hlavný autor: Boorman, Jack
Médium: Kniha
Jazyk:English
Vydavateľské údaje: Washington International Monetary Fund 2000
Edícia:IMF Working Paper WP/00/107
Predmet:
Tagy: Pridať tag
Žiadne tagy, Buďte prvý, kto otaguje tento záznam!

MARC

LEADER 00000nam a2200000 4500
001 c124306
005 20221108093233.8
041 0 |a eng 
044 |a US 
245 1 0 |a Managing financial crises  |b <the> experience in east Asia  |c Boorman Jack ...[et al.] 
264 1 |a Washington  |b International Monetary Fund  |c 2000 
300 |a 66 s. 
490 1 |a IMF Working Paper  |v WP/00/107 
830 0 |a IMF Working Paper  |v WP/00/107 
610 2 0 |a kríza finančná 
610 2 0 |a manažment 
610 2 0 |a riadenie 
610 2 0 |a východná Ázia 
100 1 |a Boorman, Jack